Statistics for Mastermind lyrics

Click here to take the quiz!

General Stats

  • This quiz has been taken 51 times
  • The average score is 298 of 337

Answer Stats

Lyrics% Correct
a
100%
and
100%
And
100%
I
100%
on
100%
the
100%
time
100%
time,
100%
To
100%
to
100%
you
100%
You
100%
your
100%
you're
100%
I'm
97%
It
97%
it
97%
me?
97%
me,
97%
me
97%
mine
97%
No
97%
one
97%
was
97%
all
93%
by
93%
'cause
93%
If
93%
if
93%
in
93%
mastermind
93%
mastermind?
93%
now
93%
of
93%
that
93%
told
93%
What
93%
accidental?
90%
accidental
90%
as
90%
at
90%
be
90%
been
90%
design
90%
do
90%
ever
90%
first
90%
I've
90%
knew
90%
lit
90%
love
90%
none
90%
Once
90%
play
90%
saw
90%
since
90%
then,
90%
then
90%
upon
90%
entire
86%
kid,
86%
like
86%
little
86%
my
86%
same
86%
scheming
86%
So
86%
so
86%
stars
86%
stop
86%
wanted
86%
with
86%
face
83%
just
83%
make
83%
plan,
83%
plan
83%
room
83%
see,
83%
them
83%
aligned
79%
body?
79%
criminal
79%
did
79%
effortless
79%
gonna
79%
is
79%
line
79%
nothing
79%
seem
79%
we
79%
cascaded
76%
Checkmate,
76%
clockwork,
76%
couldn't
76%
dominoes
76%
fuse
76%
groundwork
76%
lose
76%
night
76%
planets
76%
reaction
76%
smile,
76%
This
76%
this
76%
chain
72%
ended
72%
fail
72%
laid
72%
were
72%
cocktails
69%
counter
69%
game
69%
had
69%
moves
69%
our
69%
smirk
69%
way
69%
women
69%
for
66%
liquor
66%
lover's
66%
touch
66%
care
62%
confess
62%
every
62%
hand
62%
need
62%
Strategy
62%
Yeah,
62%
born
59%
equation
59%
fates
59%
felt
59%
pawn
59%
swear
59%
wide
59%
wind
59%
assess
55%
only
55%
sets
55%
wisest
55%
cryptic
52%
free
52%
tale
52%
flowing
48%
sails
48%
scene
48%
Machiavellian
41%
uo
7%

Score Distribution

Percentile by Number Answered

Percent of People with Each Score

Your Score History

You have not taken this quiz